Catalogue de la bibliothèque orientale de feu M. Jules Thonnelier. (Record no. 184481)

MARC details
000 -LEADER
campo de control de longitud fija 00638nam a2200181 i 4500
001 - NÚMERO DE CONTROL
campo de control 184481
003 - IDENTIFICADOR DE NÚMERO DE CONTROL
campo de control ES-MaACL
005 - FECHA Y HORA DE LA ÚLTIMA TRANSACCIÓN
campo de control 20230906222216.0
008 - DATOS DE LONGITUD FIJA--INFORMACIÓN GENERAL
campo de control de longitud fija 150910s1880 fr |||| | fre d
100 1# - ENTRADA PRINCIPAL--NOMBRE DE PERSONA
Nombre de persona Thonnelier, Jules.
9 (RLIN) 157427
245 10 - MENCIÓN DEL TÍTULO
Título Catalogue de la bibliothèque orientale de feu M. Jules Thonnelier.
260 ## - PUBLICACIÓN, DISTRIBUCIÓN, ETC.
Lugar de publicación, distribución, etc. Paris :
Nombre del editor, distribuidor, etc. Ernest Leroux,
Fecha de publicación, distribución, etc. 1880.
300 ## - DESCRIPCIÓN FÍSICA
Extensión VIII, 564, 16 p., ;
Dimensiones 25 cm.
500 ## - NOTA GENERAL
Nota general Las últimas 16 p., catálogo de obras del editor.
600 14 - PUNTO DE ACCESO ADICIONAL DE MATERIA--NOMBRE DE PERSONA
Nombre de persona Thonnelier, Jules-
Subdivisión general Biblioteca-
Subdivisión de forma Catálogos de subastas.
9 (RLIN) 157428
650 04 - PUNTO DE ACCESO ADICIONAL DE MATERIA--TÉRMINO DE MATERIA
Término de materia o nombre geográfico como elemento de entrada Libros-
Subdivisión de forma Catálogos de subastas.
9 (RLIN) 14429
852 ## - LOCALIZACIÓN
Ubicación ES-MaACL
Número de control de estantería G-11432
Holdings
Estatus retirado Estado de pérdida Estado de daño No para préstamo Colección Biblioteca de origen Biblioteca actual Ubicación en estantería Fecha de adquisición Fuente de adquisición Total de préstamos Signatura topográfica completa Código de barras Visto por última vez Precio de reemplazo Tipo de ítem Koha
        Libros del s. XIX Biblioteca del Ateneo de Madrid Biblioteca del Ateneo de Madrid Sala Pecera Planta 3 10/09/2015     G-11432 1194160 23/02/2023 23/02/2023 Libro impreso antiguo